000 00769nam a22002537a 4500
001 0201004579
003 DO-SdBNP
005 20180215143616.0
007 0201004579
008 161213b 1988 nyu a ||||| |||| 00| 0 spa d
020 _a0307101703
040 _aBPMSU
_bspa
_cBPMSU
082 _axxxx
_bxxxx
110 _bWalt Disney Company.
245 0 0 _aWalt Disney Dumbo's book of colors /
_cWalt Disney Company.
260 _a Racine, Wisconsin :
_bWestern Publishing,
_c1988.
300 _a [ 24] p. :
_bil. ;
_c17 cm.
490 1 _aA First little golden book
700 1 2 _aEchevarría, Francisco
830 0 _aA First little golden book
942 _2ddc
_cBK
945 _aInventariado, 2018 / BT
956 _2LOPEREZ
_310
_620161213
_8BPMSU
_a00041
999 _c12394
_d12394